Select the Island Picture - Statistics

General Stats
  • This quiz has been taken 535 times
  • The average score is 10 of 16
Answer Stats
Question Answer % Correct
Select the image of the island
84%
Select the image of the island
80%
Select the image of the island
76%
Select the image of the island
74%
Select the image of the island
71%
Select the image of the island
70%
Select the image of the island
67%
Select the image of the island
66%
Select the image of the island
66%
Select the image of the island
64%
Select the image of the island
58%
Select the image of the island
50%
Select the image of the island
48%
Select the image of the island
45%
Select the image of the island
31%
Select the image of the island
22%
No matching quizzes found
Score Distribution
Percent of People with Each Score
Percentile by Number Answered
Your Score History
You have not taken this quiz